Majetkové účasti v sousedním státě. Co říkají právní normy o podnikání na území SR a ČR: v zásadě stejná práva.
Situácia po vzniku dvoch samostatných republík ČR a SR od 1.1.1993 v oblasti vlastníckych a organizačných vzťahov. Právne normy ovplyvňujúce novú situáciu. Obchodný zákonník - paragrafy o podnikaní v zahraničí, prevode majetku štátu na iné osoby. Dohoda medzi vládou ČR a SR o zamedzení dvojitého zda...
Salvato in:
| Autore principale: | |
|---|---|
| Natura: | Capitolo di libro |
| Lingua: | ceco |
| Soggetti: | |
| Tags: |
Nessun Tag, puoi essere il primo ad aggiungerne!!
|
MARC
| LEADER | 00000naa a2200000 4500 | ||
|---|---|---|---|
| 001 | r012391 | ||
| 005 | 20220826094014.4 | ||
| 041 | 0 | |a cze | |
| 044 | |a CZ | ||
| 245 | 1 | 0 | |a Majetkové účasti v sousedním státě. |b Co říkají právní normy o podnikání na území SR a ČR: v zásadě stejná práva. |c O. Bečvář |
| 520 | |a Situácia po vzniku dvoch samostatných republík ČR a SR od 1.1.1993 v oblasti vlastníckych a organizačných vzťahov. Právne normy ovplyvňujúce novú situáciu. Obchodný zákonník - paragrafy o podnikaní v zahraničí, prevode majetku štátu na iné osoby. Dohoda medzi vládou ČR a SR o zamedzení dvojitého zdanenia a o podpore a ochrane investícií. Právne formy. | ||
| 610 | 2 | 0 | |a podnikanie v zahraničí |
| 610 | 2 | 0 | |a Čechy |
| 610 | 2 | 0 | |a Slovensko |
| 610 | 2 | 0 | |a 1993 |
| 610 | 2 | 0 | |a zákonník obchodný |
| 610 | 2 | 0 | |a dane |
| 610 | 2 | 0 | |a investície v zahraničí |
| 610 | 2 | 0 | |a ochrana právna |
| 610 | 2 | 0 | |a predpisy právne |
| 610 | 2 | 0 | |a zmluvy medzinárodné |
| 100 | 1 | |a Bečvář, O. | |